Financial accounting : (Registro nro. 11088)

Detalles MARC
000 -LIDER
fixed length control field 00923nam a22003017a 4500
001 - NÚMERO DE CONTROL
Identificador de número de control 000438
003 - IDENTIFICACDOR DE NÚMERO DE CONTROL
control field DO-SdBNP
005 - DATE AND TIME OF LATEST TRANSACTION
control field 20171113131208.0
007 - CAMPOS FIJOS DE DESCRIPCIÓN FÍSICA
fixed length control field 000438
008 - ELEMENTOS DE LONGITUD FIJA
fixed length control field 160803b 1996 xxu a ||||| |||| 00| 0 spa d
020 ## - ISBN
International Standard Book Number 0030182042
040 ## - FUENTE DE CATALOGACIÓN
Agencia que crea de manera original el registro BPMSU
Idioma de catalogación spa
Agencia que realiza la transcripción BPMSU
041 ## - CÓDIGOS DE OBRAS TRADUCIDAS O EN VARIOS IDIOMAS
Código del idioma del texto/archivo de sonido o separata
082 #4 - NÚMERO DE CLASIFICACIÓN DECIMAL DE DEWEY
Classification number 657
Item number P844f
100 1# - ASIENTO PRINCIPAL -- NOMBRE PERSONAL
Nombre personal Porter, Gary A.,
Fechas asociadas con el nombre 1950-
245 10 - MENCIÓN DE TITULO
Título Financial accounting :
Subtítulo the impact on decision makers /
Mención de responsabilidad Gary A. Porter, Curtis L. Norton.
260 ## - PUBLICACIÓN, DISTRIBUCIÓN, ETC. (PIE DE IMPRENTA)
Lugar de publicación, distribución, etc Fort Worth, Texas :
Nombre del editor, distribuidor, etc. Dryden Press,
Fecha de publicación, distribución, etc 1996.
300 ## - DESCRIPCIÓN FÍSICA
Extensión xxix, 860 p.
Otros detalles físicos il. ;
Dimensiones 26 cm.
490 1# - MENCIÓN DE SERIES
Mención de serie Dryden series in accounting.
500 ## - NOTA GENERAL
Nota general Alternate edition
650 #4 - ENCABEZAMIENTO DE MATERIA--TEMÁTICO
Término temático o nombre geográfico como elemento de entrada CONTABILIDAD
700 1# - ASIENTO SECUNDARIO -- NOMBRE PERSONAL
Nombre personal Norton, Curtis L.
830 #0 - ASIENTO SECUNDARIO DE SERIE--TÍTULO UNIFORME
Título uniforme Dryden series in accounting.
910 ## - VALIDACIÓN
Validación Validado. Control de calidad MFF
942 ## - ADDED ENTRY ELEMENTS (KOHA)
Source of classification or shelving scheme Dewey Decimal Classification
Koha item type Libros
945 ## - INFORMACIÓN DE PROCESAMIENTO LOCAL
Información de procesamiento local Ivnentariado extranjero / 2017 VM
956 ## - LOCAL ELECTRONIC LOCATION AND ACCESS (OCLC)
Método de acceso LOPEREZ
Materiales especificados 10
Enlace 20160803
Campo enlazado y núm. de secuencia BPMSU
Nombre de host 00041
Existencias
Withdrawn status Lost status Source of classification or shelving scheme Damaged status Not for loan Collection code Home library Current library Date acquired Source of acquisition Total Checkouts Full call number Barcode Date last seen Price effective from Koha item type
    Dewey Decimal Classification       Biblioteca Pública Metropolitana Salomé Ureña Biblioteca Pública Metropolitana Salomé Ureña 08/03/2016 Donado por Roberto Antonio Fernández   657 P844f BPMSU16080035 08/03/2016 08/03/2016 Libros